PSG fifa 23 ratings - Statistics

General Stats
  • This quiz has been taken 214 times
  • The average score is 13 of 20
Answer Stats
Rating Nationality Answer % Correct
91 France Kylian Mbappé
100%
91 Argentina Lionel Messi
100%
89 Brazil Neymar Jr
100%
84 Morocco Achraf Hakimi
97%
88 Italy Gianluigi Donnarumma
96%
88 Brazil Marquinhos
96%
87 Italy Marco Verratti
93%
84 Spain Sergio Ramos
78%
83 France Presnel Kimpembe
74%
81 Portugal Nuno Mendes
72%
83 Spain Carlos Soler
70%
83 Spain Fabián Ruiz
69%
80 Portugal Vitinha
61%
80 Portugal Danilo Pereira
56%
79 Spain Juan Bernat
36%
79 France Nordi Mukiele
32%
79 Portugal Renato Sanches
32%
76 France Hugo Ekitike
30%
74 Spain Sergio Rico
28%
70 France Timothée Pembélé
9%
No matching quizzes found
Score Distribution
Percent of People with Each Score
Percentile by Number Answered
Your Score History
You have not taken this quiz